Fr. Conceicao Rodrigues College of Engineering

Fundamenals of Industrial Automation (Record no. 19442)

MARC details
000 -LEADER
fixed length control field 00342nam a2200145Ia 4500
082 ## - DEWEY DECIMAL CLASSIFICATION NUMBER
Classification number 658.514
Item number TER/AND
100 ## - MAIN ENTRY--PERSONAL NAME
Personal name Tergan/ V./ Andreev/ I
245 ## - TITLE STATEMENT
Title Fundamenals of Industrial Automation
260 ## - PUBLICATION, DISTRIBUTION, ETC.
Name of publisher, distributor, etc. Mir Publishers
Date of publication, distribution, etc. 1986
300 ## - PHYSICAL DESCRIPTION
Extent 228
546 ## - LANGUAGE NOTE
Language note ENGLISH
654 ## - SUBJECT ADDED ENTRY--FACETED TOPICAL TERMS
Focus term industrial automation
942 ## - ADDED ENTRY ELEMENTS (KOHA)
Koha item type BOOK
Holdings
Withdrawn status Lost status Damaged status Not for loan Collection Home library Current library Date acquired Inventory number Total Checkouts Full call number Barcode Date last seen Price effective from Koha item type
        CRC Fr. Agnel's C.Rodrigues College of Engineering Fr. Agnel's C.Rodrigues College of Engineering 17/03/2023 134   658.514 TER/AND 11711 17/03/2023 17/03/2023 BOOK